Тепловые и атомные электростанции: справочник

Dettagli Bibliografici
Altri autori: Клименко А. В. (редактор), Зорин В. М.
Riassunto:Данный справочник - 3-я книга справочной серии "Теплоэнергетика и теплотехника" включает в себя сведения об основном и вспомогательном оборудовании электростанций на органическом и ядерном топливе, обеспечивающем получение и преобразование тепловой энергии, включая обработку рабочего тела - воды, а также об электрооборудовании. Второе издание справочника вышло в 1989 г., третье издание переработано и дополнено с учетом достижений науки и техники.
Lingua:russo
Pubblicazione: Москва, Изд-во МЭИ, 2003
Edizione:3-е изд., пераб. и доп.
Serie:Теплоэнергетика и теплотехника Кн. 3
Soggetti:
Natura: Libro
KOHA link:https://koha.lib.tpu.ru/cgi-bin/koha/opac-detail.pl?biblionumber=73339

MARC

LEADER 00000nam0a2200000 4500
001 73339
005 20231101212712.0
010 |a 5704605133 
035 |a (RuTPU)RU\TPU\book\78262 
090 |a 73339 
100 |a 20050215d2003 km y0rusy50 ca 
101 0 |a rus 
102 |a RU 
105 |a a g 001zy 
200 1 |a Тепловые и атомные электростанции  |e справочник  |f под ред. А. В. Клименко; В. М. Зорина 
205 |a 3-е изд., пераб. и доп. 
210 |a Москва  |c Изд-во МЭИ  |d 2003 
215 |a 648 с.  |c ил. 
225 1 |a Теплоэнергетика и теплотехника  |e справочная серия: в 4 кн.  |v Кн. 3 
320 |a Библиогр.: с. 639. 
320 |a Предметный указатель: с. 640-644. 
330 |a Данный справочник - 3-я книга справочной серии "Теплоэнергетика и теплотехника" включает в себя сведения об основном и вспомогательном оборудовании электростанций на органическом и ядерном топливе, обеспечивающем получение и преобразование тепловой энергии, включая обработку рабочего тела - воды, а также об электрооборудовании. Второе издание справочника вышло в 1989 г., третье издание переработано и дополнено с учетом достижений науки и техники. 
606 1 |a Тепловые электрические станции  |2 stltpush  |3 (RuTPU)RU\TPU\subj\59599  |9 77109 
606 1 |a Атомные электрические станции  |2 stltpush  |3 (RuTPU)RU\TPU\subj\72348  |9 85907 
610 1 |a тепловые электростанции 
610 1 |a атомные электростанции 
610 1 |a ТЭС 
610 1 |a АЭС 
610 1 |a паровые котлы 
610 1 |a реакторы 
610 1 |a парогенераторы 
610 1 |a паротурбинные установки 
610 1 |a газотурбинные установки 
610 1 |a парогазовые установки 
610 1 |a насосы 
610 1 |a газодувные машины 
610 1 |a технологические системы 
610 1 |a компоновка 
610 1 |a водный режим 
610 1 |a химический контроль 
610 1 |a вода 
610 1 |a обработка 
610 1 |a электрические машины 
610 1 |a трансформаторы 
610 1 |a справочники 
675 |a 621.311.22(035)  |v 3 
675 |a 621.311.25:621.039(035)  |v 3 
702 1 |a Клименко  |b А. В.  |4 340 
702 1 |a Зорин  |b В. М.  |4 340 
801 1 |a RU  |b 63413507  |c 20050215  |g PSBO 
801 2 |a RU  |b 63413507  |c 20160423  |g PSBO 
900 |a Паровые котлы 
900 |a Котельные установки и парогенераторы 
942 |c BK 
959 |a 16/20050214  |d 10  |e 748  |f НФ:10